The web conferencing book
שמור ב:
| מחבר ראשי: | |
|---|---|
| פורמט: | ספר |
| שפה: | Undetermined |
| יצא לאור: |
New York
AMACOM
2003
|
| תגים: |
הוספת תג
אין תגיות, היה/י הראשונ/ה לתייג את הרשומה!
|
| Thư viện lưu trữ: | Trung tâm Học liệu Trường Đại học Cần Thơ |
|---|
| LEADER | 00392nam a2200157Ia 4500 | ||
|---|---|---|---|
| 001 | CTU_64571 | ||
| 008 | 210402s9999 xx 000 0 und d | ||
| 020 | |b 424000 | ||
| 082 | |a 004.678 | ||
| 082 | |b S755 | ||
| 100 | |a Sue Spielman | ||
| 245 | 4 | |a The web conferencing book | |
| 260 | |a New York | ||
| 260 | |b AMACOM | ||
| 260 | |c 2003 | ||
| 980 | |a Trung tâm Học liệu Trường Đại học Cần Thơ | ||